000 00654nab#a2200205#c#4500
999 _c122188
_d122188
003 IEF
005 20191210184953.0
008 950704s1975 uuu|| #####0 b| |u
040 _aIEF
_cES-MaIEF
100 1 _aMolero Zayas, José
_929900
245 _aHayek y Myrdal
_bEl reflejo en dos Premios Nobel de Economía de la polémica histórica sobre la intervención del Estado
_c José Molero Zayas
260 _c1975
500 _aBibliografía,Conclusiones
650 4 _aECONOMIA
_943074
650 4 _aINTERVENCION ESTATAL
_947509
773 0 _tHacienda pública española
_w34570
_g37, p. 147-167
942 _2udc
942 _2udc